00331nam a2200133 a 4500008004100000050001500041100002400056245002700080246002300107250001500130260003300145300001000178350000900188120416s1962 ||||||||||||||||| || u aDT 352 Kim aKimble, George H. T10aTropical Africa vol.II asociety and policy aAridged ed aNew YorkbAnchor Booksc1962 a520p. a0.00